Normal view
MARC view
- García Hoz, Víctor,
Entry Nombre Personal
001 - NUMERO DE CONTROL
- campo de control: 30236
003 - IDENTIFICADOR DE NUMERO DE CONTROL
- campo de control: UPN
005 - FECHA Y HORA DE LA ÜLTIMA TRANSACCIÓN
- campo de control: 20210219194412.0
008 - DATOS DE LONGITUD FIJA
- campo de control de longitud fija: nabaccnnaabn|||||||||| b |nc|||||d
035 ## - NUMERO DE CONTROL
- Número de control: UPN11000002342
040 ## - FUENTE DE CATALOGACIÓN
- Lenguaje de catalogación: SPA
- Agencia de transcripción: UPN
100 1# - ENCABEZAMIENTO - NOMBRE PERSONAL
- Nombre personal: García Hoz, Víctor,
- Fechas asociadas con el nombre: 1911-1998
670 ## - FUENTE EN LA QUE SE LOCALIZARON DATOS
- Cita de la fuente: T
- Uniform Resource Identifier: http://sepiensa.org.mx/contenidos/2006/perspectivas/garcia/garcia.htm
902 ## - CATALOGADOR
- Catalogador: CAA/070710
